|
|
|
|
| LEADER |
00000nam0a2200000 4500 |
| 001 |
374897 |
| 005 |
20231101051351.0 |
| 010 |
|
|
|b 1700 экз.
|
| 035 |
|
|
|a (RuTPU)RU\TPU\retro\32332
|
| 035 |
|
|
|a RU\TPU\book\274924
|
| 090 |
|
|
|a 374897
|
| 100 |
|
|
|a 20221219d1936 m y0rusy50 ca
|
| 101 |
0 |
|
|a rus
|
| 102 |
|
|
|a RU
|
| 105 |
|
|
|a abe z 001zy
|
| 200 |
1 |
|
|a Отдел Сибири и Северной Европы
|e путеводитель
|f Академия наук СССР (АН СССР), Институт антропологии, археологии и этнографии (ИААЭ), Музей ; под ред. И. И. Мещанинова
|
| 210 |
|
|
|a Москва
|a Ленинград
|c Издательство Академии наук СССР
|d 1936
|
| 215 |
|
|
|a 36 с., [2] вкл. л.
|c ил., карта, план
|
| 320 |
|
|
|a Главнейшая литература по этнографии народов Сибири: с. 32-33.
|
| 610 |
1 |
|
|a Сибирь
|
| 610 |
1 |
|
|a народы Севера
|
| 610 |
1 |
|
|a этнография
|
| 610 |
1 |
|
|a музеи
|
| 686 |
|
|
|a Т52(25)
|v LBC/SL-A
|2 rubbk
|
| 686 |
|
|
|a Ч611.68
|v LBC/SL-A
|2 rubbk
|
| 702 |
|
1 |
|a Мещанинов
|b И. И.
|4 340
|
| 712 |
0 |
2 |
|a Академия наук СССР (АН СССР)
|b Институт антропологии, археологии и этнографии (ИААЭ)
|b Музей
|c (Москва)
|c (1935-1937)
|2 stltpush
|3 (RuTPU)RU\TPU\col\19418
|
| 801 |
|
1 |
|a RU
|b 63413507
|c 20140304
|
| 801 |
|
2 |
|a RU
|b 63413507
|c 20221219
|g RCR
|
| 942 |
|
|
|c BK
|